Probabilidad y estadística para ingenieros

Bibliographic Details
Main Authors: Miller, Irwin, Freund, John E.
Format: Section = Libro
Language:Undetermined
Spanish
Published: México Prentice Hall 1986
Edition:3a.ed.
Subjects:
LEADER 00546nam a2200217Ia 4500
008 240829s9999 xx 000 0 und d
020 |a 968-880-050-3 
040 |a BIBLIOTECA-RUSB/ 519 M647 
041 |a spa 
082 |a 519 M647 
100 1 |a Miller, Irwin  
100 1 |b  Freund, John E. 
245 1 0 |a Probabilidad y estadística para ingenieros 
250 |a 3a.ed. 
260 |a México  |b Prentice Hall  |c 1986 
300 |a 574 p. :il. 
650 7 |a PROBABILIDADES 
650 7 |b  ESTADISTICAS 
942 |c BK  |2 ddc 
991 |a TEXTO 
999 |c 1848